| 000 | 00475nam a2200181Ia 4500 | ||
|---|---|---|---|
| 008 | 240729s9999 xx 000 0 und d | ||
| 022 | _a0975-0959 | ||
| 245 | 0 | _aIndian Journal of Biochemistry and Biophysics | |
| 260 | _aIndia | ||
| 260 | _bCSIR-NIScPR | ||
| 650 | _a Biochemistry | ||
| 650 | _a Chemistry | ||
| 650 | _a Organic chemistry | ||
| 650 | _aScience | ||
| 856 | _uhttps://doaj.org/toc/7471c63ac7af46b09543db141359e598 | ||
| 942 | _2ddc | ||
| 942 | _cDOAJEJ | ||
| 999 |
_c72880 _d72880 |
||
| 945 |
_a1 _bMadushi Gamage _c1 _dMadushi Gamage |
||